Statistics for 6-Letter History Chain #3

Click here to take the quiz!

General Stats

  • This quiz has been taken 60 times
  • The average score is 15 of 23

Answer Stats

HintAnswer% Correct
Tower constructed for the 1899 world fair in ParisEiffel
94%
Enemies of the AxisAllies
89%
Musical genius from SalzburgMozart
89%
Half human half lion: Great ____ of GizaSphinx
89%
Conquistadors seeked gold in mythical El ____Dorado
83%
According to mythology, flew too close to the SunIcarus
83%
Romans called it LondiniumLondon
83%
Stabbed on Ides of MarchJulius
79%
Fought in the Peloponnesian WarSparta
79%
Rival of the aboveAthens
72%
Conventions for international humanitarian lawsGeneva
70%
Discovered by the CuriesRadium
70%
William of ____, or William III of EnglandOrange
68%
Persian King of KingsXerxes
68%
A key component of the USSR flagSickle
66%
Great Khan who conquered ChinaKublai
58%
Invented an important "machine" in computer scienceTuring
57%
Discoverer of calculusNewton
51%
"Uncle Joe"Stalin
43%
A major Irish rebellion in 1916: ____ RisingEaster
40%
One of first two people to summit Mt EverestNorgay
30%
Medieval Turco-Persian empireSeljuk
21%
A capital of ancient AssyriaNimrud
9%

Score Distribution

Percentile by Number Answered

Percent of People with Each Score

Your Score History

You have not taken this quiz